000 00722nam a2200229 a 4500
999 _c4827
_d4827
001 4827
003 BD-JhCC
005 20171203195845.0
008 171203s2001 bg |||| ||a| 000 0 ben d
020 _a9840741675
035 _a(BD-JhCC)4827
040 _aBD-JhCC
_dBD-JhCC
041 _aben
082 _a632.90954
_bHOS 2001
100 _aহোসেন, ড. মোহাম্মদ
245 _aসমন্বিত কীটপতঙ্গ ব্যবস্হপনা /
_c ড. মোহাম্মদ হোসেন
260 _aঢাকা :
_bবাংলা একাডমী,
_c২০০১.
300 _a155 p. :
_c24 cm.
650 _aPests
_vIntergrated
942 _2ddc
_cBK